000
00301 a2200145 4500
001
180645
020
_a
040
_c
Magnum
100
_a
Faulkner, Georgene
240
1
0
_a
O elefante branco
_l
por
245
1
0
_a
O elefante branco
362
0
_a
1899
697
_a
MAGNITO: IJ/ANIMAIS
942
_c
BK
999
_c
180645
_d
180645